Played with Cristiano Ronaldo the most - Statistics

General Stats
  • This quiz has been taken 22 times
  • The average score is 13 of 20
Answer Stats
Matches Nation Answer % Correct
342 France Karim Benzema
95%
222 Croatia Luka Modric
89%
332 Brazil Marcelo
89%
348 Portugal Pepe
84%
339 Spain Sergio Ramos
84%
170 Germany Toni Kroos
79%
231 France Raphaël Varane
74%
221 England Rio Ferdinand
74%
166 Argentina Ángel Di María
68%
228 Spain Iker Casillas
68%
204 Wales Ryan Giggs
68%
206 England Wayne Rooney
68%
183 England Paul Scholes
63%
174 Germany Sami Khedira
63%
180 Argentina Gonzalo Higuaín
42%
188 Spain Isco
42%
208 Spain Xabi Alonso
42%
167 Netherlands Edwin van der Sar
37%
215 Ireland John O'shea
37%
201 Spain Álvaro Arbeloa
26%
No matching quizzes found
Score Distribution
Percent of People with Each Score
Percentile by Number Answered
Your Score History
You have not taken this quiz